| 000 | 00548nam a2200205Ia 4500 | ||
|---|---|---|---|
| 005 | 20250522104328.0 | ||
| 008 | 008 250516s9999 xx 000 0 eng d | ||
| 020 | _a9781470425951 | ||
| 040 |
_aSDCL _beng _cSDCL |
||
| 041 |
_aeng _2eng |
||
| 084 |
_aB6, Q6 _qSDCL |
||
| 100 |
_aSossinsky, A.B. _9467573 |
||
| 245 | 0 | _aGeometries | |
| 260 |
_aNew Delhi: _bAmerican Mathematical Society, _c2016. |
||
| 300 | _axvi,301p. | ||
| 365 |
_aINR _b0 |
||
| 490 | _aStudent mathematical library Volume 64 | ||
| 650 | _aMathematics | ||
| 942 | _cTEXL | ||
| 999 |
_c1429960 _d1429960 |
||